000 00781nam a2200217 a 4500
999 _c5362
_d5362
001 5362
003 BD-JhCC
005 20171213185545.0
008 171213s1978 ii ||||| |||| 00| 0 ben d
035 _a(BD-JhCC)5362
040 _aBD-JhCC
_dBD-JhCC
041 _aben
082 _a621.3
_bGON 1978
100 _aগঙ্গোপাধ্যায়, শ্রী শিবপ্রসাদ
245 _aএ. সি. মেসিন (প্রথম খণ্ড) /
_cশ্রী শিবপ্রসাদ গঙ্গোপাধ্যায়
260 _aকলিকাতা :
_bনিউ সেন্ট্রাল বুক এজেন্সী,
_c1978.
300 _a291 p. :
_c21cm.
650 _aAir condition machine
942 _2ddc
_cBK